Argentina Provinces Capitals - Statistics

General Stats
  • This quiz has been taken 579 times
  • The average score is 19 of 23
Answer Stats
Province Capital % Correct
Cordoba Córdoba
96%
Mendoza Mendoza
95%
San Juan San Juan
94%
San Luis San Luis
93%
Salta Salta
92%
Santa Fe Santa Fe
92%
Catamarca San Fernando del Valle de Catamarca
91%
Buenos Aires La Plata
90%
Corrientes Corrientes
89%
Santiago del Estero Santiago del Estero
89%
Formosa Formosa
88%
Neuquen Neuquen
88%
Tierra del Fuego Ushuaia
87%
La Rioja La Rioja
86%
Chaco Resistencia
73%
Tucuman San Miguel de Tucumán
73%
Chubut Rawson
71%
Entre Rios Paraná
70%
La Pampa Santa Rosa
70%
Misiones Posadas
67%
Santa Cruz Río Gallegos
67%
Jujuy San Salvador de Jujuy
65%
Rio Negro Viedma
63%
No matching quizzes found
Score Distribution
Percent of People with Each Score
Percentile by Number Answered
Your Score History
You have not taken this quiz